000
00347nam a2200145Ia 4500
008
221030s9999 xx 000 0 und d
041
_a
English
082
_a
105.23
100
_a
C. S. Rangan
245
0
_a
Instrumentation Devices and Systems
_c
by C. S. Rangan, G.R. Sarma
260
_c
0
650
_a
B
700
_a
G.R. Sarma
942
_c
BK
999
_c
10429
_d
10429